[Event "Brasschaat op 15th"]
[Site "Brasschaat"]
[Date "2015.08.17"]
[Round "3"]
[White "Goes, Dirk"]
[Black "Carmans, Wesley"]
[Result "1/2-1/2"]
[WhiteElo "1919"]
[BlackElo "1753"]
[PlyCount "32"]
[EventDate "2015.08.15"]
[EventType "swiss"]
[EventRounds "9"]
[EventCountry "BEL"]
[SourceTitle "EXT 2016"]
[Source "ChessBase"]
[SourceDate "2015.10.08"]
[SourceVersion "1"]
[SourceVersionDate "2015.10.08"]
[SourceQuality "1"]

1. d4 d5 2. Nc3 Nf6 3. Bg5 e6 4. e4 dxe4 5. Nxe4 Be7 6. Bxf6 Bxf6 7. c3 Nd7 8. f4 Be7 9. Nf3 0-0 10. Bd3 h6 11. Qe2 b6 12. 0-0-0 Bb7 13. g4 Nf6 14. Ne5 Nxe4 15. Bxe4 Bxe4 16. Qxe4 Qd5 1/2-1/2

[Event "BEL-ch opB"]
[Site "Westerlo"]
[Date "2004.07.??"]
[Round "7"]
[White "Lenoir, Aurele"]
[Black "Carmans, Wesley"]
[Result "1/2-1/2"]
[WhiteElo "1864"]
[BlackElo "1593"]
[PlyCount "57"]
[EventDate "2004.07.??"]
[EventType "swiss"]
[EventRounds "9"]
[EventCountry "BEL"]
[SourceTitle "EXT 2005"]
[Source "ChessBase"]
[SourceDate "2004.11.15"]
[SourceVersion "1"]
[SourceVersionDate "2004.11.15"]
[SourceQuality "1"]

1. e4 c6 2. d3 d5 3. Nd2 e5 4. Ngf3 Bd6 5. c3 Nf6 6. Qc2 0-0 7. Be2 Re8 8. h3 Nbd7 9. Nf1 Nf8 10. g4 Ng6 11. Ng3 Nf4 12. Bf1 dxe4 13. dxe4 Qc7 14. Be3 Be6 15. Nh4 Rad8 16. f3 Be7 17. Nhf5 g6 18. Nh6+ Kg7 19. g5 Ng8 20. Nxg8 Bxg5 21. h4 Ng2+ 22. Qxg2 Bxe3 23. h5 Qd7 24. Rh2 Bf4 25. hxg6 Qd2+ 26. Qxd2 Bxg3+ 27. Qf2 Bxf2+ 28. Kxf2 Rxg8 29. Rxh7+ 1/2-1/2

[Event "BEL-ch opB"]
[Site "Westerlo"]
[Date "2004.07.??"]
[Round "5"]
[White "Reyskens, Jules"]
[Black "Carmans, Wesley"]
[Result "1/2-1/2"]
[WhiteElo "1748"]
[BlackElo "1593"]
[PlyCount "84"]
[EventDate "2004.07.??"]
[EventType "swiss"]
[EventRounds "9"]
[EventCountry "BEL"]
[SourceTitle "EXT 2005"]
[Source "ChessBase"]
[SourceDate "2004.11.15"]
[SourceVersion "1"]
[SourceVersionDate "2004.11.15"]
[SourceQuality "1"]

1. e4 c6 2. Nc3 d5 3. Nf3 dxe4 4. Nxe4 Nd7 5. Bc4 e6 6. d4 Ngf6 7. Nxf6+ Nxf6 8. 0-0 Bd6 9. Re1 0-0 10. Bg5 Be7 11. Qd2 Nd5 12. Bxe7 Nxe7 13. Bd3 h6 14. Ne5 Qb6 15. Qf4 Nd5 16. Qh4 Qd8 17. Qg3 Qe7 18. Re4 Kh8 19. Rg4 Rg8 20. Rg6 Qf8 21. Re1 Nf6 22. Qh4 Nd7 23. Qe4 f5 24. Rxe6 Nxe5 25. Qxe5 Bxe6 26. Qxe6 Re8 27. Qxe8 Qxe8 28. Rxe8 Rxe8 29. Kf1 g6 30. g4 Rf8 31. gxf5 gxf5 32. f4 Kg7 33. Kf2 Kg6 34. Be2 Re8 35. Bf3 Rd8 36. c3 a5 37. a4 Rd6 38. Ke3 Re6+ 39. Kd2 Kf6 40. c4 b6 41. d5 cxd5 42. cxd5 Rd6 1/2-1/2